[Event "8th Southwest Class"]
[Site "Forth Worth, TX"]
[Date "2017.02.16"]
[Round "1.32"]
[White "Somalwar, Anaiy"]
[Black "Viswanadha, Kesav"]
[Result "0-1"]
[WhiteElo "1866"]
[BlackElo "2372"]
[PlyCount "68"]
[EventDate "2017.02.??"]
[EventType "swiss"]
[EventRounds "9"]
[EventCountry "USA"]

1. d4 Nf6 2. c4 e6 3. Nc3 Bb4 4. e3 O-O 5. Bd3 d5 6. Nf3 c5 7. O-O dxc4 8. Bxc4
Nc6 9. a3 Ba5 10. Bb3 Qe7 11. Qe2 a6 12. Rd1 b5 13. Bc2 Bb7 14. Ne4 Nxe4 15.
Bxe4 c4 16. Bd2 Bxd2 17. Rxd2 Na5 18. Bc2 Rfd8 19. e4 Rac8 20. e5 Bxf3 21. Qxf3
Nc6 22. Rad1 g6 23. Be4 Na5 24. d5 Nb3 25. Rc2 exd5 26. Bxd5 Qxe5 27. Qxf7+ Kh8
28. Re2 Rxd5 29. Rxd5 Qxe2 30. h3 Qe8 31. Qf6+ Kg8 32. Re5 Qf7 33. Qxa6 Rd8 34.
g3 Nd4 0-1

[Event "8th Southwest Class"]
[Site "Forth Worth, TX"]
[Date "2017.02.16"]
[Round "1.33"]
[White "Ruiz, Joshua"]
[Black "Premkumar, Hiren"]
[Result "1-0"]
[WhiteElo "2338"]
[BlackElo "1857"]
[PlyCount "61"]
[EventDate "2017.02.??"]
[EventType "swiss"]
[EventRounds "9"]
[EventCountry "USA"]

1. e4 e6 2. d4 d5 3. Nc3 Nf6 4. e5 Nfd7 5. f4 c5 6. Nf3 Nc6 7. Be3 Be7 8. Qd2
O-O 9. dxc5 Nxc5 10. O-O-O a6 11. Qf2 Nd7 12. h4 b5 13. Bd3 Qa5 14. Kb1 b4 15.
Ne2 Nc5 16. Bxc5 Bxc5 17. Qg3 Bd7 18. Nc1 Qb6 19. Bxh7+ Kxh7 20. Ng5+ Kg8 21.
Qd3 Rfd8 22. Qh7+ Kf8 23. h5 Be8 24. h6 gxh6 25. Rxh6 Nd4 26. Rf6 Rd7 27. Rh1
Rc7 28. f5 b3 29. Nxb3 Nxb3 30. axb3 Rac8 31. Rxe6 1-0

[Event "8th Southwest Class"]
[Site "Forth Worth, TX"]
[Date "2017.02.17"]
[Round "2.1"]
[White "IM Brown, Michael"]
[Black "GM Zherebukh, Yaroslav"]
[Result "1-0"]
[WhiteElo "2466"]
[BlackElo "2614"]
[PlyCount "87"]
[EventDate "2017.02.??"]
[EventType "swiss"]
[EventRounds "9"]
[EventCountry "USA"]

1. d4 Nf6 2. c4 g6 3. Nc3 d5 4. Bf4 Bg7 5. e3 O-O 6. cxd5 Nxd5 7. Nxd5 Qxd5 8.
Bxc7 Na6 9. Bxa6 Qxg2 10. Qf3 Qxf3 11. Nxf3 bxa6 12. Ke2 f6 13. Rac1 e5 14.
Rhg1 exd4 15. Nxd4 f5 16. Rgd1 a5 17. f4 a4 18. Rc5 Rf7 19. Rdc1 Ba6+ 20. Kf2
Re8 21. Ra5 Bd3 22. Rxa4 Rfe7 23. Be5 Bxe5 24. fxe5 Rxe5 25. Rc3 Be4 26. Rxa7
g5 27. b4 f4 28. a4 Rd5 29. Nb3 fxe3+ 30. Rxe3 Rf8+ 31. Ke2 Bg6 32. Nd2 g4 33.
b5 Rh5 34. Nf1 Rhf5 35. Ng3 Rf2+ 36. Kd1 Rxh2 37. b6 Rb2 38. a5 h5 39. Ree7 Rc8
40. Rac7 Rb1+ 41. Ke2 Re8 42. b7 h4 43. Rxe8+ Bxe8 44. Nf5 1-0

[Event "8th Southwest Class"]
[Site "Forth Worth, TX"]
[Date "2017.02.17"]
[Round "2.2"]
[White "GM Sevian, Samuel"]
[Black "IM Stremavicius, Titas"]
[Result "1/2-1/2"]
[WhiteElo "2468"]
[BlackElo "2579"]
[PlyCount "37"]
[EventDate "2017.02.??"]
[EventType "swiss"]
[EventRounds "9"]
[EventCountry "USA"]

1. e4 c5 2. Nf3 Nc6 3. d4 cxd4 4. Nxd4 Nf6 5. Nc3 d6 6. Bg5 e6 7. Qd2 a6 8.
O-O-O Qb6 9. Nb3 Qc7 10. f4 Be7 11. Be2 b5 12. Bxf6 gxf6 13. Bh5 Bb7 14. f5 b4
15. Na4 e5 16. Qf2 Bd8 17. Qd2 Be7 18. Qf2 Bd8 19. Qd2 1/2-1/2

[Event "8th Southwest Class"]
[Site "Forth Worth, TX"]
[Date "2017.02.17"]
[Round "2.3"]
[White "FM Kalikshteyn, Alexander"]
[Black "GM Belous, Vladimir"]
[Result "1-0"]
[WhiteElo "2448"]
[BlackElo "2577"]
[PlyCount "65"]
[EventDate "2017.02.??"]
[EventType "swiss"]
[EventRounds "9"]
[EventCountry "USA"]

1. d4 g6 2. Nf3 Bg7 3. Nc3 Nf6 4. Bf4 O-O 5. Qd2 d5 6. Bh6 Ne4 7. Qe3 Bxh6 8.
Qxh6 f6 9. e3 c5 10. Nxe4 dxe4 11. Bc4+ e6 12. Nd2 cxd4 13. Nxe4 Qa5+ 14. c3
dxc3 15. Nxc3 Qb4 16. Bb3 Na6 17. O-O Nc5 18. Bc2 Rf7 19. Rab1 e5 20. Nd5 Qc4
21. Rbc1 Be6 22. Bxg6 Qxd5 23. Rfd1 Qxd1+ 24. Rxd1 hxg6 25. Qxg6+ Kf8 26. b4
Nd7 27. h4 Rc8 28. h5 Rc4 29. h6 Rg4 30. Qc2 Kg8 31. Rd6 Nf8 32. Rxe6 Nxe6 33.
Qc8+ 1-0

[Event "8th Southwest Class"]
[Site "Forth Worth, TX"]
[Date "2017.02.17"]
[Round "2.4"]
[White "IM Li, Ruifeng"]
[Black "IM Harmon-Vellotti, Luke"]
[Result "1-0"]
[WhiteElo "2561"]
[BlackElo "2454"]
[PlyCount "53"]
[EventDate "2017.02.??"]
[EventType "swiss"]
[EventRounds "9"]
[EventCountry "USA"]

1. e4 e6 2. d4 d5 3. Nc3 Bb4 4. e5 c5 5. a3 Bxc3+ 6. bxc3 Ne7 7. Qg4 Qc7 8.
Qxg7 Rg8 9. Qxh7 cxd4 10. Ne2 Nbc6 11. f4 dxc3 12. h4 d4 13. h5 b6 14. h6 Kf8
15. Qd3 Bb7 16. Rh5 Qd8 17. Ng3 Qd5 18. h7 Rh8 19. f5 Ke8 20. Bg5 Nxe5 21. Qb5+
Bc6 22. Qe2 d3 23. cxd3 c2 24. Bf6 Qc5 25. Qxe5 c1=Q+ 26. Rxc1 Qxc1+ 27. Kf2
1-0

[Event "8th Southwest Class"]
[Site "Forth Worth, TX"]
[Date "2017.02.17"]
[Round "2.5"]
[White "Sturt, Raven"]
[Black "GM Kadric, Denis"]
[Result "1-0"]
[WhiteElo "2431"]
[BlackElo "2547"]
[PlyCount "73"]
[EventDate "2017.02.??"]
[EventType "swiss"]
[EventRounds "9"]
[EventCountry "USA"]

1. d4 d6 2. Nf3 g6 3. g3 Bg7 4. Bg2 Nd7 5. c4 Nh6 6. Nc3 O-O 7. O-O e5 8. e4 c6
9. d5 c5 10. Ng5 Nb6 11. Qd3 Ng4 12. h3 h6 13. hxg4 hxg5 14. Bf3 Bd7 15. b3 Bf6
16. Kg2 Kg7 17. Rh1 a6 18. Be3 Nc8 19. a4 a5 20. Qd2 Na7 21. Ne2 b6 22. Rh2 Rh8
23. Rxh8 Kxh8 24. Rh1+ Kg7 25. Ng1 Be7 26. Be2 f6 27. Nh3 Qc7 28. Nxg5 fxg5 29.
Bxg5 Rf8 30. Bxe7 Re8 31. Bf8+ Rxf8 32. Qh6+ Kf7 33. Qh7+ Ke8 34. Qg7 Rf7 35.
Rh8+ Ke7 36. Qxg6 Bc8 37. Qxf7+ 1-0

[Event "8th Southwest Class"]
[Site "Forth Worth, TX"]
[Date "2017.02.17"]
[Round "2.6"]
[White "GM Popilski, Gil"]
[Black "GM Boros, Denes"]
[Result "1-0"]
[WhiteElo "2539"]
[BlackElo "2444"]
[PlyCount "63"]
[EventDate "2017.02.??"]
[EventType "swiss"]
[EventRounds "9"]
[EventCountry "USA"]

1. e4 e5 2. Nf3 Nf6 3. Nxe5 d6 4. Nf3 Nxe4 5. d4 d5 6. Bd3 Be7 7. O-O O-O 8. c4
Nf6 9. Nc3 Nc6 10. h3 Be6 11. cxd5 Nxd5 12. Re1 a6 13. a3 h6 14. Bc2 Nf6 15.
Qd3 Re8 16. Bxh6 Qd7 17. Bg5 g6 18. Rxe6 Qxe6 19. d5 Qd6 20. dxc6 Qxd3 21. Bxd3
bxc6 22. Ne5 Bd6 23. Nxc6 Nh7 24. Be3 Nf6 25. Bd4 Re6 26. Bc4 Bh2+ 27. Kxh2
Rxc6 28. b3 Rd8 29. Be3 a5 30. a4 Kg7 31. Re1 Re8 32. Bb5 1-0

[Event "8th Southwest Class"]
[Site "Forth Worth, TX"]
[Date "2017.02.17"]
[Round "2.7"]
[White "IM Aponte, Felix"]
[Black "IM Matsenko, Sergey"]
[Result "0-1"]
[WhiteElo "2397"]
[BlackElo "2522"]
[PlyCount "55"]
[EventDate "2017.02.??"]
[EventType "swiss"]
[EventRounds "9"]
[EventCountry "USA"]

1. c4 Nf6 2. Nc3 c5 3. Nf3 e6 4. e4 Nc6 5. d3 d6 6. Be2 Be7 7. h3 O-O 8. O-O
Nd4 9. Nxd4 cxd4 10. Nb5 e5 11. f4 a6 12. Na3 Rb8 13. Nc2 b5 14. b3 bxc4 15.
bxc4 Nd7 16. Bd2 Nc5 17. Nb4 Bb7 18. Rb1 Bf6 19. Qc1 exf4 20. Bxf4 Be5 21. Qa3
Bxf4 22. Rxf4 Bxe4 23. Rbf1 Qb6 24. Nc2 Bg6 25. Re1 Rfe8 26. Rf2 Qb2 27. Qxb2
Rxb2 28. Bf3 0-1

[Event "8th Southwest Class"]
[Site "Forth Worth, TX"]
[Date "2017.02.17"]
[Round "2.8"]
[White "GM Raznikov, Dani"]
[Black "FM Rozmon, Levy"]
[Result "1/2-1/2"]
[WhiteElo "2514"]
[BlackElo "2404"]
[PlyCount "62"]
[EventDate "2017.02.??"]
[EventType "swiss"]
[EventRounds "9"]
[EventCountry "USA"]

1. d4 d5 2. Bf4 Nf6 3. e3 c5 4. Nf3 Nc6 5. Nbd2 e6 6. c3 cxd4 7. exd4 Nh5 8.
Be3 Bd6 9. Ne5 g6 10. Be2 Ng7 11. f4 Nf5 12. Bf2 f6 13. Nd3 Qc7 14. g3 Bd7 15.
Nb3 b6 16. Bf3 a5 17. Qe2 a4 18. Nd2 Kf7 19. a3 h5 20. O-O Rae8 21. Rae1 Bc8
22. Qd1 Ba6 23. Be2 Ra8 24. Nf3 Bc4 25. Qb1 Na5 26. Bd1 Nb3 27. Bc2 Rae8 28.
Qd1 Rhg8 29. Re2 Qd7 30. Kh1 Rh8 31. Kg1 Rhg8 1/2-1/2

[Event "8th Southwest Class"]
[Site "Forth Worth, TX"]
[Date "2017.02.17"]
[Round "2.9"]
[White "GM Troff, Kayden"]
[Black "Hong, Andrew"]
[Result "1-0"]
[WhiteElo "2511"]
[BlackElo "2387"]
[PlyCount "153"]
[EventDate "2017.02.??"]
[EventType "swiss"]
[EventRounds "9"]
[EventCountry "USA"]

1. d4 d5 2. c4 e6 3. Nf3 Nf6 4. Nc3 c6 5. e3 Nbd7 6. Qc2 Bd6 7. Bd3 O-O 8. O-O
e5 9. cxd5 cxd5 10. e4 exd4 11. Nxd5 Nxd5 12. exd5 h6 13. b3 Nf6 14. Bb2 Nxd5
15. Rfd1 Nb4 16. Qd2 Nxd3 17. Qxd3 Be7 18. Bxd4 Qa5 19. Ne5 Be6 20. Qg3 Bf6 21.
Nc6 Qg5 22. Qxg5 hxg5 23. Bxf6 gxf6 24. Nd4 Rfd8 25. Rac1 Rac8 26. Rxc8 Rxc8
27. f3 Kf8 28. Kf2 Ke7 29. g3 Rh8 30. Rh1 f5 31. h4 Rh5 32. Ne2 Bd7 33. Kg2 Bc6
34. Nd4 Bd7 35. f4 gxf4 36. gxf4 Be6 37. Kg3 a6 38. Rc1 Kd6 39. Nc2 Rh7 40. Ne3
f6 41. Rh1 Rh5 42. Rd1+ Kc7 43. Kh3 Rh7 44. Nf1 Bd7 45. Ng3 Be8 46. Re1 Bd7 47.
Rh1 Be6 48. Rh2 Rg7 49. Nh5 Rg6 50. Rg2 Rh6 51. Rg7+ Bd7 52. Ng3 Kd6 53. h5 Ke6
54. Kh4 Bc6 55. Re7+ Kxe7 56. Nxf5+ Ke6 57. Nxh6 Bf3 58. Ng4 Kf5 59. h6 Kg6 60.
f5+ Kh7 61. Nxf6+ Kxh6 62. Ng4+ Kg7 63. Kg5 Bd5 64. Ne5 b5 65. f6+ Kf8 66. Kf5
a5 67. Ng6+ Ke8 68. Ke5 Bg8 69. Ne7 Bf7 70. Nf5 a4 71. Nd6+ Kf8 72. Nxf7 axb3
73. axb3 Kxf7 74. b4 Kf8 75. Kd5 Kf7 76. Kc5 Kxf6 77. Kxb5 1-0

[Event "8th Southwest Class"]
[Site "Forth Worth, TX"]
[Date "2017.02.17"]
[Round "2.10"]
[White "IM Viswanadha, Kesav"]
[Black "IM Drozdowski, Kacper"]
[Result "1-0"]
[WhiteElo "2372"]
[BlackElo "2496"]
[PlyCount "109"]
[EventDate "2017.02.??"]
[EventType "swiss"]
[EventRounds "9"]
[EventCountry "USA"]

1. e4 c5 2. Nf3 e6 3. d4 cxd4 4. Nxd4 Nc6 5. Nc3 Qc7 6. Be3 a6 7. Qd2 Nf6 8.
O-O-O Bb4 9. f3 Ne5 10. Nb3 b5 11. Kb1 Be7 12. Qf2 Rb8 13. g4 Nc4 14. Bc1 d6
15. Bxc4 bxc4 16. Nd4 Nd7 17. f4 Nc5 18. Qe2 Qb7 19. Qxc4 Bd7 20. Nb3 Nxb3 21.
axb3 O-O 22. g5 Rfc8 23. Qd4 a5 24. Rhf1 Qa8 25. Na2 a4 26. b4 Bb5 27. Rfe1 Bc4
28. Bd2 Bxa2+ 29. Kxa2 Rxc2 30. Bc3 Bf8 31. Qd3 Rxh2 32. Qg3 Rc2 33. Kb1 Rxc3
34. bxc3 g6 35. Ka2 Rc8 36. Qd3 Bg7 37. c4 a3 38. Re2 Qb7 39. b5 Qc7 40. Rc2
Bf8 41. Rdd2 Ra8 42. Rh2 Qc5 43. f5 exf5 44. exf5 gxf5 45. Rhf2 Bg7 46. Rxf5
Qg1 47. Rf1 Qxg5 48. Qxd6 Qe3 49. Qd5 Rf8 50. c5 Bd4 51. c6 Qd3 52. Qc4 Qh3 53.
c7 Rc8 54. Qxf7+ Kh8 55. Qf8+ 1-0

[Event "8th Southwest Class"]
[Site "Forth Worth, TX"]
[Date "2017.02.17"]
[Round "2.11"]
[White "GM Holden, Hernandez Carmente"]
[Black "Patel, Advait"]
[Result "1-0"]
[WhiteElo "2372"]
[BlackElo "2496"]
[PlyCount "69"]
[EventDate "2017.02.??"]
[EventType "swiss"]
[EventRounds "9"]
[EventCountry "USA"]

1. d4 Nf6 2. c4 g6 3. f3 Bg7 4. e4 d6 5. Nc3 a6 6. Be3 c6 7. Qd2 b5 8. O-O-O
bxc4 9. Bxc4 d5 10. Bb3 dxe4 11. Bh6 e3 12. Qxe3 O-O 13. h4 Nd5 14. Bxd5 cxd5
15. h5 Bxh6 16. Qxh6 Qd6 17. Nh3 Bxh3 18. Rxh3 Nd7 19. hxg6 Nf6 20. gxh7+ Kh8
21. f4 Ne4 22. Qxd6 exd6 23. Re1 Rac8 24. Kb1 Rfe8 25. Nxe4 dxe4 26. Rh6 d5 27.
Rh5 Red8 28. Rc1 Rc4 29. Rxc4 dxc4 30. d5 e3 31. Kc2 f6 32. Kd1 Rb8 33. d6 Rxb2
34. Rd5 Rb1+ 35. Ke2 1-0

[Event "8th Southwest Class"]
[Site "Forth Worth, TX"]
[Date "2017.02.17"]
[Round "2.12"]
[White "FM Griffith, Kyron"]
[Black "GM Hevia, Carlos"]
[Result "1/2-1/2"]
[WhiteElo "2312"]
[BlackElo "2496"]
[PlyCount "146"]
[EventDate "2017.02.??"]
[EventType "swiss"]
[EventRounds "9"]
[EventCountry "USA"]

1. e4 g6 2. d4 Bg7 3. Nc3 d6 4. Be3 a6 5. h3 Nf6 6. Nf3 O-O 7. Bd3 Nc6 8. Qd2
Re8 9. O-O-O e5 10. d5 Na7 11. Kb1 b5 12. g4 b4 13. Ne2 c5 14. dxc6 Nxc6 15. g5
Nd7 16. Bc4 Nb6 17. Bb3 Bf8 18. c3 Na5 19. Bxb6 Qxb6 20. Bd5 Bb7 21. cxb4 Bxd5
22. Qxd5 Qxb4 23. Ne1 Nc4 24. b3 Nb6 25. Qd3 d5 26. Nc2 Qe7 27. exd5 Qxg5 28.
h4 Qf6 29. Nc3 e4 30. Nxe4 Qe5 31. f3 Bg7 32. Qd4 Nxd5 33. Qxe5 Rxe5 34. Rd3 f5
35. Nf2 Rc8 36. Nd1 a5 37. Re1 Rxe1 38. Nxe1 Nf4 39. Rd7 Bf6 40. h5 Nxh5 41.
Nd3 Rd8 42. Rxd8+ Bxd8 43. b4 axb4 44. Nxb4 Kf7 45. Kc2 Nf4 46. Nd3 Nxd3 47.
Kxd3 Bb6 48. Nb2 Ke6 49. Nc4 Ba7 50. f4 Kd5 51. Nd2 Bb8 52. Ke3 Bd6 53. Nf3 Ba3
54. Ng5 h6 55. Nf7 Bc1+ 56. Kf3 Ke6 57. Nd8+ Kd7 58. Nf7 Bb2 59. a4 Ke6 60.
Nd8+ Kd5 61. Nf7 Ke6 62. Nd8+ Kd5 63. Nf7 Bc3 64. Nd8 Ba5 65. Nb7 Bb4 66. a5
Kc6 67. Nd8+ Kb5 68. Nf7 Bxa5 69. Ne5 g5 70. fxg5 hxg5 71. Nf7 g4+ 72. Kf4 Kc4
73. Ne5+ Kd5 1/2-1/2

[Event "8th Southwest Class"]
[Site "Forth Worth, TX"]
[Date "2017.02.17"]
[Round "2.13"]
[White "Toolin, Christopher"]
[Black "IM Nakar, Eylon"]
[Result "0-1"]
[WhiteElo "2209"]
[BlackElo "2478"]
[PlyCount "74"]
[EventDate "2017.02.??"]
[EventType "swiss"]
[EventRounds "9"]
[EventCountry "USA"]

1. d4 Nf6 2. c4 g6 3. f3 Bg7 4. e4 O-O 5. Ne2 d6 6. Bg5 c5 7. Qd2 cxd4 8. Nxd4
Nc6 9. Nb5 Be6 10. Be2 Nd7 11. N1c3 a6 12. Na3 Nd4 13. Be3 Nxe2 14. Nxe2 Ne5
15. Rc1 b5 16. cxb5 axb5 17. f4 b4 18. fxe5 bxa3 19. b3 Bxe5 20. Nd4 Bd7 21.
O-O Rc8 22. Qb4 Rxc1 23. Rxc1 Qa8 24. Nf3 Rb8 25. Qe1 Qxe4 26. Ng5 Qd3 27. Rd1
Qc3 28. Rc1 Qd3 29. Rd1 Qc2 30. Rc1 Qxa2 31. Qh4 h5 32. Nxf7 Kxf7 33. Rf1+ Bf5
34. Qc4+ Kg7 35. Qc7 Qxb3 36. Qxe7+ Qf7 37. Bh6+ Kg8 0-1

[Event "8th Southwest Class"]
[Site "Forth Worth, TX"]
[Date "2017.02.17"]
[Round "2.14"]
[White "IM Vorontsov, Paulo"]
[Black "IM Ruiz, Joshua"]
[Result "1-0"]
[WhiteElo "2477"]
[BlackElo "2338"]
[PlyCount "55"]
[EventDate "2017.02.??"]
[EventType "swiss"]
[EventRounds "9"]
[EventCountry "USA"]

1. d4 Nf6 2. Nf3 e6 3. e3 b6 4. Bd3 Bb7 5. O-O c5 6. c4 Be7 7. Nc3 cxd4 8. exd4
d6 9. Re1 O-O 10. Bf4 Nbd7 11. Rc1 a6 12. h3 Re8 13. a3 d5 14. cxd5 Nxd5 15.
Nxd5 Bxd5 16. Bc7 Qc8 17. Bg3 Qd8 18. Bc7 Qc8 19. Ne5 Nf6 20. Bd6 Qd8 21. Bc7
Qc8 22. Ng4 Nxg4 23. Qxg4 Bf6 24. Be5 Qd8 25. Qg3 Ra7 26. Rc8 Qxc8 27. Bxf6 g6
28. Qg5 1-0

[Event "8th Southwest Class"]
[Site "Forth Worth, TX"]
[Date "2017.02.17"]
[Round "2.15"]
[White "IM Javakhadze, Zurab"]
[Black "Zaloznyy, Mike"]
[Result "1-0"]
[WhiteElo "2469"]
[BlackElo "2100"]
[PlyCount "67"]
[EventDate "2017.02.??"]
[EventType "swiss"]
[EventRounds "9"]
[EventCountry "USA"]

1. g3 f5 2. d4 Nf6 3. Bg2 e6 4. Nh3 Be7 5. Nd2 O-O 6. e4 fxe4 7. Nxe4 Nc6 8.
O-O b6 9. Nxf6+ Bxf6 10. d5 exd5 11. Qxd5+ Kh8 12. Ng5 Qe8 13. Bf4 Bxg5 14.
Qxg5 Ba6 15. Rfe1 Qf7 16. Bxc6 h6 17. Qe7 dxc6 18. Qxc7 Qg6 19. Re7 Rac8 20.
Qxa7 Rxf4 21. Qxa6 Rcf8 22. Re2 b5 23. Qb6 h5 24. Rae1 Rc4 25. c3 h4 26. Qe3
Rcf4 27. Qe7 hxg3 28. hxg3 Qf5 29. Re5 Qh3 30. gxf4 Qg4+ 31. Kf1 Qh3+ 32. Ke2
Qg4+ 33. Kd2 Qxf4+ 34. Kc2 1-0

[Event "8th Southwest Class"]
[Site "Forth Worth, TX"]
[Date "2017.02.17"]
[Round "2.17"]
[White "GM Matamoros, Carlos"]
[Black "Potula, Kapish"]
[Result "1/2-1/2"]
[WhiteElo "2486"]
[BlackElo "2015"]
[PlyCount "42"]
[EventDate "2017.02.??"]
[EventType "swiss"]
[EventRounds "9"]
[EventCountry "USA"]

1. c4 e5 2. g3 Nf6 3. Bg2 Nc6 4. Nc3 Bc5 5. Nf3 d6 6. O-O O-O 7. e3 Re8 8. b3
Bf5 9. d4 Bb6 10. Bb2 Bg4 11. dxe5 Nxe5 12. h3 Nxf3+ 13. Bxf3 Bxh3 14. Bxb7
Bxf1 15. Bxa8 Qxa8 16. Qxf1 Rxe3 17. fxe3 Bxe3+ 18. Kh2 Ng4+ 19. Kh3 Nf2+ 20.
Kh2 Ng4+ 21. Kh3 Nf2+ 1/2-1/2

[Event "8th Southwest Class"]
[Site "Forth Worth, TX"]
[Date "2017.02.17"]
[Round "2.18"]
[White "Mishra, Pratek"]
[Black "IM Mulyar, Michael"]
[Result "0-1"]
[WhiteElo "1923"]
[BlackElo "2397"]
[PlyCount "100"]
[EventDate "2017.02.??"]
[EventType "swiss"]
[EventRounds "9"]
[EventCountry "USA"]

1. e4 e5 2. Nf3 Nc6 3. Bb5 a6 4. Bxc6 dxc6 5. O-O f6 6. d4 exd4 7. Nxd4 c5 8.
Ne2 Qxd1 9. Rxd1 Bd7 10. Nbc3 O-O-O 11. Be3 Re8 12. Rd2 Bc6 13. Rad1 b6 14. Nf4
Nh6 15. f3 Nf7 16. Kf2 Ne5 17. b3 c4 18. Ncd5 Kb7 19. Nh5 a5 20. a4 Nd7 21.
bxc4 Nc5 22. Nc3 Nxa4 23. Nxa4 Bxa4 24. Ra1 Bc6 25. c3 a4 26. Ng3 Ra8 27. Nf5
g6 28. Nd4 Be7 29. Rda2 Bd7 30. Nb5 Bxb5 31. cxb5 a3 32. c4 Rhd8 33. Ke2 Ra4
34. c5 Bxc5 35. Bxc5 bxc5 36. Rxa3 Rxa3 37. Rxa3 Rd6 38. Rd3 Kb6 39. Rb3 c4 40.
Rb1 Kc5 41. Ke3 c3 42. f4 Kc4 43. e5 fxe5 44. fxe5 Rd3+ 45. Ke4 Rd4+ 46. Ke3
Rd3+ 47. Ke4 c2 48. Rc1 Kc3 49. Ra1 Rd4+ 50. Ke3 Rd1 0-1

[Event "8th Southwest Class"]
[Site "Forth Worth, TX"]
[Date "2017.02.17"]
[Round "2.19"]
[White "Obili, Abhishek"]
[Black "Lederer, Yoav"]
[Result "1/2-1/2"]
[WhiteElo "1986"]
[BlackElo "2397"]
[PlyCount "68"]
[EventDate "2017.02.??"]
[EventType "swiss"]
[EventRounds "9"]
[EventCountry "USA"]

1. e4 c5 2. Nf3 e6 3. Qe2 Nc6 4. g3 d6 5. Bg2 Nf6 6. O-O Be7 7. c3 e5 8. Rd1
O-O 9. d4 Qc7 10. dxc5 dxc5 11. h3 Rb8 12. Na3 a6 13. Nc4 Be6 14. Ncxe5 Nxe5
15. Nxe5 Qxe5 16. Bf4 Qh5 17. g4 Qg6 18. Bxb8 Rxb8 19. e5 Ne8 20. f4 Bc8 21. f5
Qb6 22. Bd5 Nc7 23. c4 Qh6 24. Qf3 b5 25. b3 bxc4 26. bxc4 Rb2 27. Rab1 Qb6 28.
Rxb2 Qxb2 29. Qb3 Qxb3 30. axb3 Bg5 31. Kf2 Kf8 32. Bc6 Ke7 33. Kf3 h6 34. Ke4
Bh4 1/2-1/2

[Event "8th Southwest Class"]
[Site "Forth Worth, TX"]
[Date "2017.02.17"]
[Round "2.20"]
[White "Capocyan, Sam"]
[Black "Sanchez, Robert"]
[Result "1/2-1/2"]
[WhiteElo "2190"]
[BlackElo "1863"]
[PlyCount "114"]
[EventDate "2017.02.??"]
[EventType "swiss"]
[EventRounds "9"]
[EventCountry "USA"]

1. d4 Nf6 2. c4 e6 3. Nc3 Bb4 4. g3 O-O 5. Bg2 d5 6. Nf3 c6 7. O-O Nbd7 8. Nd2
b6 9. e4 dxc4 10. Nxc4 Bb7 11. e5 Nd5 12. Ne4 f5 13. Ned6 Ba6 14. Qd3 Bxd6 15.
exd6 N7f6 16. Bg5 Bxc4 17. Qxc4 Qxd6 18. Rac1 Rac8 19. Rfe1 h6 20. Bxf6 Rxf6
21. Rxe6 Qxe6 22. Bxd5 Qxd5 23. Qxd5+ cxd5 24. Rxc8+ Rf8 25. Rc6 Re8 26. Kf1
Re4 27. Rc7 Rxd4 28. Rxa7 Rd2 29. b3 Kh7 30. Ke1 Rb2 31. Rd7 Rxa2 32. Rxd5 f4
33. gxf4 Ra1+ 34. Ke2 Rh1 35. Rb5 Rxh2 36. Rxb6 Rh1 37. Rd6 Rb1 38. Rd3 Kg6 39.
Kf3 Rb2 40. Ke3 Kf5 41. Kf3 Ke6 42. Kg3 Kf5 43. f3 Ke6 44. Re3+ Kf6 45. Rc3 Rb1
46. Kf2 Kf5 47. Ke3 Re1+ 48. Kd2 Re7 49. Rc4 h5 50. b4 h4 51. Re4 Rxe4 52.
fxe4+ Kxe4 53. b5 h3 54. b6 h2 55. b7 h1=Q 56. b8=Q Qh2+ 57. Kc3 Qxf4 1/2-1/2

[Event "8th Southwest Class"]
[Site "Forth Worth, TX"]
[Date "2017.02.17"]
[Round "2.21"]
[White "Tsay, Vincent"]
[Black "FM Feinstein, Michael"]
[Result "0-1"]
[WhiteElo "1834"]
[BlackElo "2140"]
[PlyCount "80"]
[EventDate "2017.02.??"]
[EventType "swiss"]
[EventRounds "9"]
[EventCountry "USA"]

1. d4 d5 2. c4 e6 3. Nf3 Nf6 4. g3 Be7 5. Bg2 O-O 6. O-O dxc4 7. Qc2 a6 8. a4
Bd7 9. Nc3 Nc6 10. Bg5 Nb4 11. Qd2 Bc6 12. Ne5 Bxg2 13. Kxg2 b5 14. Kg1 c6 15.
Na2 c5 16. Nxb4 cxb4 17. Nc6 Qd6 18. Nxe7+ Qxe7 19. Rfd1 b3 20. e4 h6 21. Bxf6
Qxf6 22. Qb4 Rab8 23. axb5 axb5 24. Ra5 Qf3 25. Re1 Qd3 26. d5 exd5 27. exd5
Qxd5 28. Re7 Qg5 29. Kg2 Qf6 30. Raa7 Qxb2 31. Qd6 Rbd8 32. Qb6 Qd4 33. Qxb5
Rb8 34. Qf5 Qf6 35. Qc5 b2 36. Reb7 b1=Q 37. Rxb1 Rxb1 38. Qxc4 Rb2 39. Qc5 Qb6
40. Qxb6 Rxb6 0-1

[Event "8th Southwest Class"]
[Site "Forth Worth, TX"]
[Date "2017.02.17"]
[Round "2.22"]
[White "Daggupati, Balaji"]
[Black "GM Holt, Conrad"]
[Result "0-1"]
[WhiteElo "2158"]
[BlackElo "2565"]
[PlyCount "56"]
[EventDate "2017.02.??"]
[EventType "swiss"]
[EventRounds "9"]
[EventCountry "USA"]

1. e4 e6 2. d4 d5 3. Nc3 Bb4 4. e5 c5 5. a3 Bxc3+ 6. bxc3 Ne7 7. Qg4 O-O 8. Bd3
Nbc6 9. Qh5 Ng6 10. Nh3 Nce7 11. O-O c4 12. Be2 Qa5 13. Bd2 Bd7 14. Ng5 h6 15.
Nh3 f5 16. exf6 Rxf6 17. g4 Be8 18. g5 Nf4 19. Qh4 hxg5 20. Nxg5 Nxe2+ 21. Kh1
Rh6 22. Qg4 Bh5 23. Qg2 Nf5 24. Rae1 Re8 25. Nf3 Rg6 26. Ng5 Nh4 27. Qh3 Rxg5
28. f4 Rg1+ 0-1

[Event "8th Southwest Class"]
[Site "Forth Worth, TX"]
[Date "2017.02.17"]
[Round "2.23"]
[White "Yi, Hu"]
[Black "IM Chandra, Akshat"]
[Result "0-1"]
[WhiteElo "2152"]
[BlackElo "2512"]
[PlyCount "62"]
[EventDate "2017.02.??"]
[EventType "swiss"]
[EventRounds "9"]
[EventCountry "USA"]

1. e4 c5 2. Nf3 d6 3. d4 cxd4 4. Nxd4 Nf6 5. Nc3 a6 6. Be2 Nbd7 7. f4 g6 8. Be3
b5 9. Bf3 e5 10. Nb3 Bb7 11. a3 exf4 12. Bxf4 Ne5 13. O-O Bg7 14. Kh1 O-O 15.
Bxe5 dxe5 16. Nc5 Bc6 17. Qe1 Qe7 18. Qf2 a5 19. b4 Rfd8 20. Qe3 Qa7 21. Ra2
Nd7 22. a4 axb4 23. axb5 Qxc5 24. Qxc5 Nxc5 25. bxc6 bxc3 26. c7 Rdc8 27. Bg4
Ne6 28. Bxe6 fxe6 29. Rxa8 Rxa8 30. Rb1 Bf8 31. Kg1 Rc8 0-1

[Event "8th Southwest Class"]
[Site "Forth Worth, TX"]
[Date "2017.02.17"]
[Round "2.24"]
[White "Guo, Arthur"]
[Black "Prasanna, Raghuram"]
[Result "0-1"]
[WhiteElo "2126"]
[BlackElo "2477"]
[PlyCount "148"]
[EventDate "2017.02.??"]
[EventType "swiss"]
[EventRounds "9"]
[EventCountry "USA"]

1. e4 e5 2. Nf3 Nc6 3. Bb5 f5 4. d3 fxe4 5. dxe4 Nf6 6. O-O d6 7. Bg5 Be6 8.
Nc3 Be7 9. Qe2 a6 10. Bc4 Bg4 11. Qe3 Na5 12. Bd3 O-O 13. Nd2 Be6 14. Qe2 Kh8
15. Bxf6 Bxf6 16. Nd5 Bg5 17. Ne3 Nc6 18. c3 Ne7 19. Bc4 Bd7 20. Qh5 Ng8 21.
Nf3 Bh6 22. Bxg8 Kxg8 23. Ng4 Bf4 24. h3 Qe7 25. g3 g6 26. Qh4 Qxh4 27. Nxh4
Bg5 28. Ng2 Be7 29. Kh2 Bb5 30. c4 Bxc4 31. Rfc1 b5 32. b3 Bd3 33. Rxc7 Rae8
34. f4 Bxe4 35. fxe5 d5 36. Nf4 h5 37. Nf2 Bd8 38. Rc6 g5 39. Nxe4 gxf4 40. Nc5
fxg3+ 41. Kxg3 Rxe5 42. Rg1 Kh7 43. Ne6 Rg8+ 44. Kh2 Re2+ 45. Kh1 Rxg1+ 46.
Kxg1 Bf6 47. Rxa6 Be5 48. Kf1 Rb2 49. Ng5+ Kg7 50. Nf3 Bg3 51. Nd4 Kf7 52. Nxb5
h4 53. Nd6+ Kg8 54. Ra8+ Kh7 55. Nb5 Rh2 56. Rd8 Rxh3 57. Rxd5 Rh2 58. Nd4 h3
59. Rf5 Rh1+ 60. Ke2 h2 61. Nf3 Re1+ 62. Nxe1 h1=Q 63. Nf3 Qg2+ 64. Kd3 Kg6 65.
Rg5+ Kf6 66. Ke3 Qf2+ 67. Ke4 Qe2+ 68. Kd4 Qxf3 69. Rb5 Bf2+ 70. Kc4 Qe2+ 71.
Kb4 Be1+ 72. Kc5 Qxa2 73. b4 Bf2+ 74. Kc6 Qc4+ 0-1